| 000 | 00701nam a2200181Ia 4500 | ||
|---|---|---|---|
| 008 | 090124s9999 xx 000 0 und d | ||
| 082 |
_b25432 _a1622 |
||
| 100 | _aशाळिग्राम सुषमा | ||
| 245 | _a शिक्षणातून नैतिक मुल्यसंवर्धन | ||
| 250 | _a1 | ||
| 260 | _c1984 | ||
| 300 | _a146 | ||
| 600 | _aशाळिग्राम सुषमा | ||
| 630 | _a शिक्षणातून नैतिक मुल्यसंवर्धन | ||
| 700 | _aशाळिग्राम सुषमा | ||
| 730 | _a शिक्षणातून नैतिक मुल्यसंवर्धन | ||
| 942 | _cBOOK | ||
| 999 |
_c138942 _d138942 |
||